Diskusia

Bibliographic Details
Main Authors: Koprda, Pavol, 1947- (Author), Hruška, František, 1944- (Author)
Format: Article
Language:Slovak
PhysicalDescription:Fotogr.
ISSN:1335-180X
Subjects:

MARC

LEADER 00000nab a2200000 a 4500
001 vtls000672982
003 SK-MaSNL
005 20260304085000.0
008 250425c1998 xo 0 slo
015 |a SNBRB1998/10-27298 
035 |a CLN000025158 
035 |a urn:nbn:sk:snk-ab7ebt 
035 |a (uuid)92e8f006-2a67-4d05-9c38-3d1be7b7e857 
035 |a (urnnbn)urn:nbn:sk:snk:ar-a07wtg 
035 |a (sysno)vtls000672982 
040 |a SNKBUCL  |b slo  |c SNKBUCL  |e AACR2 
041 0 |a slo 
044 |a xo  |c SK 
080 |a 82.091:885.4:850  |2 1997 
080 |a 885.4.091:850  |2 1997 
080 |a 850.091:885.4  |2 1997 
100 1 |a Koprda, Pavol,  |d 1947-  |4 aut  |9 107014 
245 1 0 |a Diskusia  |c Pavol Koprda, František Hruška 
300 |b Fotogr. 
650 0 7 |a literatúra slovenská  |x recepcia  |z Taliansko  |2 snkbucl  |9 1377968 
655 7 |a články z novín a časopisov  |2 snkbucl  |9 267496 
700 1 |a Hruška, František,  |d 1944-  |4 aut  |9 105906 
773 0 |t Literika  |g Roč. 3, č. 3 (1998), s. 119  |x 1335-180X 
850 |a Slovenská národná knižnica 
852 |a Slovenská národná knižnica 
954 |a odborná, vedecká literatúra pôvodná (slovenská)  |2 lita 
958 |a article27 
958 |a LX 
958 |a SK 
958 |a IT 
958 |a OND 
958 |a EUIPO 
999 |c 2805913  |d 2807843